000 00675nam a2200241Ia 4500
003 0100
008 130303s9999 xx 000 0 und d
020 _a0304701777
040 _cARRUPELIB
050 _aBL41.I46 1999
245 4 _aThe insider/outsider problem in the study of religion
245 _ba reader
260 _aLondon
260 _bCassell
260 _C1999
300 _aviii
300 _b 405 p. 26 cm
440 _aControversies in the study of religion
650 _aRELIGION
650 _bScience--Philosophy Physicists--Biography Astronomers--Biography Mathematicians--Biography
700 _aMcCutcheon, Russell T. (ed.)
942 0 0 _01
999 _c14684
_d14684